Football : FC Barcelone - Statistiques

Statistiques générales
  • Ce quiz a été pris 177 fois
  • Le résultat moyen est 13 sur 15
Statistiques - réponses
Questions Réponses % Correct
En temps normal, dans quel stade évolue le FC Barcelone, le plus grand d'Europe ? Camp Nou
98%
Dans quelle région d'Espagne ce club se situe-t-il ? Catalogne
98%
Combien de Ligue des Champions le FC Barcelone a-t-il remporté ? 5
97%
Quelles sont les deux couleurs principales du maillot ? Bleu et Rouge
97%
Quel joueur est le plus capé ainsi que le meilleur buteur du club ? Lionel Messi
96%
Quel milieu de terrain est l'unique buteur de la finale de la Coupe du Monde 2010, légende du Barça ? Andrés Iniesta
95%
Quel acronyme est utilisé pour nommer l'attaque du Barça, notamment en 2015 ? MSN
95%
Quel défenseur central hargneux était le capitaine du Barça jusqu'en 2013 ? Carles Puyol
93%
Comment s'appelle le centre de formation du Barça, pourvoyeur des plus grands talents du football ? La Masia
93%
Quel entraîneur espagnol a mis le Barca sur le devant de la scène avec ce qui est considéré comme la meilleure équipe de l'histoire en 2011 ? Pep Guardiola
91%
Quel surnom est attribué aux joueurs du Barça (Bleu et Grenats) ? Les Blaugranas
85%
Quel terme est utilisé pour évoquer le match contre le Réal Madrid, plus grand rival ? Le Clasico
83%
En quelle année a été fondé le FC Barcelone ? 1899
77%
Avec le Barça et le Réal Madrid, quel autre club espagnol n'a jamais connu la seconde division ? Athletic Bilbao
62%
Face à quelle équipe italienne le Barça a-t-il remporté sa première LDC en 1992 ? Sampdoria de Gênes
41%
Aucun quiz correspondant
Distribution des résultats
% des personnes avec chaque résultat
Percentile par nombre de réponses
Votre historique - résultats
Vous n’avez pas pris ce quiz